Anwendungen der Theorie der Lokalintegrablen Vektorfelder auf Räume mit Singularitäten Dissertation

Guardado en:
Detalles Bibliográficos
Autor principal: Meier, Heike
Formato: Libro
Lenguaje:alemán
Publicado: Bochum Ruhr-Universität 1986
Edición:1. Aufl.
Etiquetas: Agregar Etiqueta
Sin Etiquetas, Sea el primero en etiquetar este registro!

MARC

LEADER 00000nam a2200000 4500
001 c039089
005 20221220073614.2
041 0 |a ger 
044 |a DE 
245 1 0 |a Anwendungen der Theorie der Lokalintegrablen Vektorfelder auf Räume mit Singularitäten  |b Dissertation  |c Heike Meier 
250 |a 1. Aufl. 
264 1 |a Bochum  |b Ruhr-Universität  |c 1986 
300 |a 85 s. 
100 1 |a Meier, Heike